| 000 | 01042nas a2200325 4500 | ||
|---|---|---|---|
| 001 | BR2016003285 | ||
| 003 | BR-BrBNA | ||
| 005 | 20231205130507.0 | ||
| 007 | ta | ||
| 008 | 230509b bl.|||p| |||| 00| 00por d | ||
| 040 |
_aBR-BrBNA _bpor _cBiblioteca Nacional de Agricultura |
||
| 041 | _a(Pt) | ||
| 072 | _aU10 | ||
| 100 | 1 | _aMorais, V.A. | |
| 100 | 1 | _aSilva, C.A. | |
| 100 | 1 | _aScolforo, J.R.S. | |
| 100 | 1 | _aMello, J.M. | |
| 100 | 1 | _aAraújo, E.J.G. de | |
| 100 | 1 | _aAssis, E.A. de | |
| 245 | 1 | _aModelagem do teor de carbono orgânico em solos de fragmentos de cerrado de Januária e Bonito de Minas, Minas Gerais | |
| 650 | _aSOLO | ||
| 650 | _aCARBONO | ||
| 650 | _aCONDIÇÃO AMBIENTAL | ||
| 650 | _aMODELO MATEMÁTICO | ||
| 650 | _aCERRADO | ||
| 773 | 0 |
_tPesquisa Florestal Brasileira (Brazil) _xISSN 1983-2605 _g(Oct-Dec 2013), v. 33(76) p. 343-354 _wBR2016003285 |
|
| 856 | 4 | 0 | _uhttp://pfb.cnpf.embrapa.br/pfb/index.php/pfb/article/view/507 |
| 909 |
_a202311 _bLúcia _c55 _dLúcia Elande |
||
| 942 |
_2AGRIS _n0 _cANA |
||
| 999 |
_c249745 _d249745 |
||